Statistics for Random Celebrities by Picture

Click here to take the quiz!

General Stats

  • This quiz has been taken 367 times
  • The average score is 11 of 15

Answer Stats

Answer% Correct
Justin Bieber
99%
Will Smith
93%
Serena Williams
92%
Mark Zuckerburg
90%
Ryan Reynolds
87%
Jennifer Lopez
83%
George Clooney
82%
Keanu Reeves
80%
Tom Cruise
80%
Matt Damon
69%
Michael Phelps
67%
Hugh Jackman
64%
Jimmy Kimmel
63%
Stan Lee
63%
Henry Winkler
28%

Score Distribution

Percentile by Number Answered

Percent of People with Each Score

Your Score History

You have not taken this quiz